Pensamiento, acción y vigencia de Simón Bolívar: Coloquio Internacional
Salvato in:
| Autori principali: | , |
|---|---|
| Natura: | Libro |
| Lingua: | spagnolo |
| Pubblicazione: |
Caracas
Monte Avila
1990
|
| Soggetti: | |
| Tags: |
Aggiungi Tag
Nessun Tag, puoi essere il primo ad aggiungerne!!
|
MARC
| LEADER | 00000nam a2200000 a 4500 | ||
|---|---|---|---|
| 001 | UCX6319 | ||
| 003 | CL-VaPUC | ||
| 008 | 930517e19900000VE |||||||||||||||||spa|d | ||
| 082 | 0 | 4 | |a 987.04 |b MIN |2 21 |
| 100 | |a Minguet, Charles |e autor |9 322746 | ||
| 700 | 0 | |a Carrera Damas, Germán |e author |9 322747 | |
| 245 | 1 | 0 | |a Pensamiento, acción y vigencia de Simón Bolívar: Coloquio Internacional |
| 300 | |a 231 p | ||
| 942 | |c BK | ||
| 945 | |d 19930517 00:00:00 | ||
| 260 | |a Caracas |b Monte Avila |c 1990 | ||
| 600 | 0 | |a Bolívar, Simón |d 1783-1830 |9 265422 | |
| 650 | 7 | |a FILOSOFIA POLITICA |2 CL-VaPUC |9 322748 | |
| 650 | 7 | |a HISTORIA SIGLO 19 |2 CL-VaPUC |9 257187 | |
| 651 | 0 | |a América Latina |9 255027 | |
| 583 | |a last modification |c 20160913 11:30:17 |k Rodrigo Vera | ||
| 999 | |c 226352 |d 226350 | ||
| 952 | |0 0 |1 0 |4 0 |6 987_040000000000000_MIN_1990 |7 0 |8 A |9 224641 |a BIBHIS |b BIBHIS |d 2019-11-15 |i 2934116 |o 987.04 MIN 1990 |p 2934116 |r 2025-01-20 |w 2019-11-15 |y BK |k HIS | ||